La guerra restauradora (Record no. 175976)

MARC details
000 -LEADER
campo de control de longitud fija 00837nam a2200241 i 4500
001 - NÚMERO DE CONTROL
campo de control 175976
003 - IDENTIFICADOR DE NÚMERO DE CONTROL
campo de control ES-MaACL
005 - FECHA Y HORA DE LA ÚLTIMA TRANSACCIÓN
campo de control 20250807063223.0
008 - DATOS DE LONGITUD FIJA--INFORMACIÓN GENERAL
campo de control de longitud fija 101202s2008 dr |||| |dspa d
080 ## - NÚMERO DE LA CLASIFICACIÓN DECIMAL UNIVERSAL
Número de la Clasificación Decimal Universal 325.4(729.3)"1861/65"
080 ## - NÚMERO DE LA CLASIFICACIÓN DECIMAL UNIVERSAL
Número de la Clasificación Decimal Universal 972.93"18"
100 1# - ENTRADA PRINCIPAL--NOMBRE DE PERSONA
Nombre de persona Acosta Piña, Carlos Aníbal,
Fechas asociadas al nombre 1924-
9 (RLIN) 144172
245 13 - MENCIÓN DEL TÍTULO
Título La guerra restauradora
Resto del título : causas y consecuencias /
Mención de responsabilidad, etc. Carlos Aníbal Acosta Piña.
250 ## - MENCION DE EDICION
Mención de edición 1ª ed.
260 ## - PUBLICACIÓN, DISTRIBUCIÓN, ETC.
Lugar de publicación, distribución, etc. Zona Colonial, Santo Domingo :
Nombre del editor, distribuidor, etc. Ateneo Dominicano,
Fecha de publicación, distribución, etc. 2008.
300 ## - DESCRIPCIÓN FÍSICA
Extensión 79 p. ;
Dimensiones 21 cm.
504 ## - NOTA DE BIBLIOGRAFÍA, ETC.
Nota de bibliografía, etc. Bibliografía: p. 73-74.
600 14 - PUNTO DE ACCESO ADICIONAL DE MATERIA--NOMBRE DE PERSONA
Nombre de persona Duarte, Juan Pablo.
9 (RLIN) 144174
651 #4 - PUNTO DE ACCESO ADICIONAL DE MATERIA--NOMBRE GEOGRÁFICO
Nombre geográfico República Dominicana-
Subdivisión general Historia-
Subdivisión cronológica 1861-1865, Reincorporación a España.
9 (RLIN) 144173
710 2# - ENTRADA AGREGADA--NOMBRE DE ENTIDAD CORPORATIVA
Nombre de entidad corporativa o nombre de jurisdicción como elemento de entrada Ateneo Dominicano.
9 (RLIN) 2036
852 ## - LOCALIZACIÓN
Ubicación ES-MaACL
Número de control de estantería 2304-F-3
Holdings
Estatus retirado Estado de pérdida Estado de daño No para préstamo Colección Biblioteca de origen Biblioteca actual Ubicación en estantería Fecha de adquisición Fuente de adquisición Total de préstamos Signatura topográfica completa Código de barras Visto por última vez Precio de reemplazo Tipo de ítem Koha
        Colección de folletos Biblioteca del Ateneo de Madrid Biblioteca del Ateneo de Madrid Depósito folletos 02/12/2010     2304-F-3 1184799 23/02/2023 23/02/2023 Folleto